000
00254nam a2200097Ia 4500
082
_a
J R 591.53 BRIG
245
0
_a
Nature's predators
100
_a
BRIGHT, Michael London, 2001
_9
94051
942
_c
BK
008
210817s9999 xx 000 0 und d
999
_c
384746
_d
384745